| 000 | 01177nac a22002411u 4500 | ||
|---|---|---|---|
| 008 | 110922s2005 nju|||||r|||| 00| 0 eng d | ||
| 010 | _a 2004014695 | ||
| 020 | _a0471486817 (pbk. : acid-free paper) | ||
| 020 | _a9780471486817 (pbk. : acid-free paper) | ||
| 082 | 0 | 0 |
_a660.2812 _bSMI _222 |
| 100 |
_aSmith, R. _927335 |
||
| 245 | 1 | 0 |
_aChemical Process Design and Integration / _cRobin Smith |
| 260 |
_aChichester, West Sussex, England ; _aHoboken, NJ : _bWiley, 2005 _cc2005. |
||
| 300 |
_axxiii, 687 p. : _bill. ; _c29 cm. |
||
| 504 | _aIncludes bibliographical references and index. | ||
| 650 | 0 |
_aChemical processes. _927336 |
|
| 653 | _bChe | ||
| 856 | 4 | 1 |
_3Table of contents _uhttp://www.loc.gov/catdir/toc/ecip0419/2004014695.html |
| 856 | 4 | 1 |
_3Publisher description _uhttp://www.loc.gov/catdir/description/wiley042/2004014695.html |
| 856 | 4 | 1 |
_3Contributor biographical information _uhttp://www.loc.gov/catdir/bios/wiley047/2004014695.html |
| 942 |
_cBB _k660.2812 SMI _2ddc |
||
| 999 |
_c1918 _d1918 |
||